00716nam a22002297a 450000500170000001000130001702000260003003500130005603700160006904000120008508200180009710000290011524500900014424600060023426000390024027000440027930000350032350000320035865000220039065000440041270000300045620170124105916.0 aB-225214 c625.00a9780070618404 aB-225214 bCen Lib/Ret aDPLbEN a005.7565bARM aArmstrong-Smith, Michael aOracle discoverer 10g handbook /cby michael Armstrong-Smith, Darlene Armstrong-Smith b  bTat McGraw Hill c2006aNew Delhi  bNew Delhia7, West Patel Nagar e110008 axxiv, 1025p.:c23cm(pbk)bill. aincludes appendix and index aComputer Science  a Programming Languages x vHandbooks  aArmstrong-Smith, Darlene